000
00345nam a2200157Ia 4500
003
0STCL
008
150530s9999 xx 000 0 und d
040
_a
STCL
_c
STCL
100
_a
Rebello, I.
245
_a
Saga of the Delhi Sultanate
260
_c
1969
546
_a
English
942
_2
ddc
_c
BK
999
_c
70045
_d
70045
005
20220125171428.0